Οπτικοποίηση τοπίου με χρήση G.I.S. : πτυχιακή εργασία

Αποθηκεύτηκε σε:
Λεπτομέρειες βιβλιογραφικής εγγραφής
Κύριος συγγραφέας: Καβρουδάκης, Δημήτρης
Συγγραφή απο Οργανισμό/Αρχή: Πανεπιστήμιο Αιγαίου. Σχολή Κοινωνικών Επιστημών. Τμήμα Γεωγραφίας
Άλλοι συγγραφείς: Κουκούλας, Σωτήριος (Εισηγητής διατριβής)
Μορφή: Thesis Βιβλίο
Γλώσσα:Greek
Δημοσίευση: Μυτιλήνη : Πανεπιστήμιο Αιγαίου, Τμήμα Γεωγραφίας, 2004
Θέματα:
Διαθέσιμο Online:http://hdl.handle.net/11610/6118
Ετικέτες: Προσθήκη ετικέτας
Δεν υπάρχουν, Καταχωρήστε ετικέτα πρώτοι!

MARC

LEADER 00000cam a2200000 i 4500
001 1/90032
008 051125s2004 gre d
035 |l 10081473 
040 |a GR-MY-UA  |b gre  |e aacr 
041 0 |a gre 
082 0 |a 910.285  |2 (22) 
100 1 |a Καβρουδάκης, Δημήτρης. 
245 1 0 |a Οπτικοποίηση τοπίου με χρήση G.I.S. :  |b πτυχιακή εργασία /  |c Καβρουδάκης Δημήτρης ; υπεύθυνος καθηγητής Κουκούλας Σωτήρης 
260 |a Μυτιλήνη :   |b Πανεπιστήμιο Αιγαίου, Τμήμα Γεωγραφίας,   |c 2004 
300 |a 58 σ.;  |b φωτ., χαρτ., σχ.;  |c 30 εκ. 
502 |a Πτυχιακή εργασία – Πανεπιστήμιο Αιγαίου, Λέσβος, 2004. 
504 |a Βιβλιογραφία: σ. 55-58 
650 0 0 |a Three-dimensional imaging. 
650 0 0 |a Digital mapping. 
650 0 0 |a Geographic information systems  |x Research. 
650 0 0 |a Cartography. 
650 0 0 |a Dissertations, Academic  |z Greece. 
700 1 |4 ths  |a Κουκούλας, Σωτήριος. 
710 2 |a Πανεπιστήμιο Αιγαίου.   |b Σχολή Κοινωνικών Επιστημών.   |b Τμήμα Γεωγραφίας. 
852 |a INST  |b LESVOS  |c DIATR  |e 20051125  |h 255  |p 005100033197  |q 005100033197  |t DIE  |y 23 
852 |a INST  |b LESVOS  |c DIATR  |e 20051125  |h 256  |p 005100033198  |q 005100033198  |t DIE  |y 23 
856 |u http://hdl.handle.net/11610/6118 
901 |a BIBL1-2005-3 
909 |a Λ  |b 115264 
909 |a Λ  |b 115265 
924 |a ΚΑΒΡΟΥΔΑΚΗΣ  |b ΔΗΜΗΤΡΗΣ  |y ΛΕΣΒΟΣ  |z 2004-10 
970 |a ΜΑΡΙΝΑΤΟΥ  |b ΜΥΡΣΙΝΗ  |z 2005/11/25